000 00352nam a2200133Ia 4500
008 231129s9999||||xx |||||||||||||| ||spa||
020 _a958-16-0127-9
040 _bspa
082 _aI823 S813a
100 _aSteeman S.A.
245 0 _aEl asesino vive en el 21
264 _aLa Montana Magica
942 _2ddc
_cBKS
999 _c10313
_d10313